Κοινωνικός αποκλεισμός ατόμων με νοητική υστέρηση και σχεδιασμός μελέτης για Στέγη υποστηριζόμενης διαβίωσης στη Μυτιλήνη
Αποθηκεύτηκε σε:
| Κύριος συγγραφέας: | |
|---|---|
| Συγγραφή απο Οργανισμό/Αρχή: | |
| Άλλοι συγγραφείς: | |
| Μορφή: | Thesis Βιβλίο |
| Γλώσσα: | Greek |
| Δημοσίευση: |
2011
|
| Θέματα: | |
| Ετικέτες: |
Προσθήκη ετικέτας
Δεν υπάρχουν, Καταχωρήστε ετικέτα πρώτοι!
|
MARC
| LEADER | 00000cam a2200000 i 4500 | ||
|---|---|---|---|
| 001 | 1/15603 | ||
| 008 | 111011s2011 gre d | ||
| 035 | |l 10111045 | ||
| 040 | |a GR-MY-UA |b gre |e aacr | ||
| 041 | 0 | |a gre | |
| 082 | 0 | |a 362.4 |2 (22) | |
| 100 | 1 | |a Λούκου, Ευτυχία. | |
| 245 | 1 | 0 | |a Κοινωνικός αποκλεισμός ατόμων με νοητική υστέρηση και σχεδιασμός μελέτης για Στέγη υποστηριζόμενης διαβίωσης στη Μυτιλήνη / |c επιμέλεια: Λούκου Ευτυχία ; επιβλέπων καθηγητής: Ψημίτης Μιχάλης |
| 260 | |c 2011 | ||
| 300 | |a 148 σ.; |c 30 εκ. | ||
| 500 | |a Βιβλιογραφία: σ. 95-98 | ||
| 502 | |a Διατριβή (μεταπτυχιακή) – Πανεπιστήμιο Αιγαίου, Λέσβος, 2011. | ||
| 650 | 0 | |a People with mental disabilities |x Rehabilitation |z Greece |z Mytilene (Lesbos) | |
| 650 | 0 | 0 | |a People with mental disabilities |x Services for. |
| 650 | 0 | 0 | |a Day care centers for people with mental disabilities. |
| 650 | 0 | 0 | |a People with disabilities |x Institutional care. |
| 650 | 0 | 0 | |a Dissertations, Academic |z Greece. |
| 700 | 1 | |a Ψημίτης, Μιχάλης. |4 ths | |
| 710 | 2 | |a Πανεπιστήμιο Αιγαίου |b Σχολή Κοινωνικών Επιστημών |b Τμήμα Κοινωνιολογίας |b Μεταπτυχιακό Πρόγραμμα Σπουδών Έρευνα για την Τοπική Κοινωνική Ανάπτυξη και Συνοχή. | |
| 852 | |a INST |b LESVOS |c DIATR |e 20111011 |h 135 |p 005100051398 |q 005100051398 |t MTXE |y 23 | ||
| 852 | |a INST |b LESVOS |c DIATR |e 20111011 |h 136 |p 005100051397 |q 005100051397 |t MTXE |y 23 | ||
| 901 | |a BIBL1-2011-3 | ||
| 909 | |a Λ |b 172765 | ||
| 909 | |a Λ |b 172766 | ||
| 924 | |a ΛΟΥΚΟΥ |b ΕΥΤΥΧΙΑ |y ΛΕΣΒΟΣ |z 2011-02 | ||
| 970 | |a ΤΖΑΦΕΡΗ |b ΕΥΑΓΓΕΛΙΑ |z 2011/10/11 | ||